000 01468nam a22003617a 4500
001 319
003 FISKH
005 20230321103254.0
008 230321b cb ||||| |||| 00| 0 eng d
020 _a9781405266185
035 _a(OCoLC)ocm70718171
040 _aDLC
_cDLC
_dIG#
_dBAKER
_dHHO
_dYDXCP
_dDLC
_dFISKH
_beng
042 _alcac
_alcac
050 0 0 _aPZ7.S6795
_bEn 2006
082 0 0 _a813.6
_222
100 1 _aSnicket, Lemony.
245 1 4 _aThe end /
_cby Lemony Snicket ; illustrations by Brett Helquist.
260 _aNew York
_bHarperCollins
_c2006
300 _a324 p.
_bill. ;
_c19 cm.
490 1 _aA series of unfortunate events ;
_vv. 13
520 _aLost at sea, the Baudelaire orphans, along with the evil Count Olaf, wash up on the shore of an island populated by an oddly placid group of inhabitants, and they try to decide whether or not they are truly safe.
521 8 _a1370
_bLexile
650 1 _aOrphans
_vFiction.
650 1 _aBrothers and sisters
_vFiction.
650 1 _aIslands
_vFiction.
650 1 _aHumorous stories.
700 1 _aHelquist, Brett,
_eill.
800 1 _aSnicket, Lemony.
_tSeries of unfortunate events ;
_vbk. 13.
856 4 2 _3Contributor biographical information
_uhttp://www.loc.gov/catdir/enhancements/fy0911/2006019518-b.html
856 4 2 _3Publisher description
_uhttp://www.loc.gov/catdir/enhancements/fy0911/2006019518-d.html
906 _a7
_bcbc
_corignew
_d1
_eecip
_f20
_gy-gencatlg
942 _2ddc
_cBK
_n0
999 _c319
_d319